Adhunika Keralam:Charitra Gaveshana Prabandhangal (Record no. 55696)

MARC details
000 -LEADER
fixed length control field 00419nam a2200133Ia 4500
008 - FIXED-LENGTH DATA ELEMENTS--GENERAL INFORMATION
fixed length control field 211109s9999||||xx |||||||||||||| ||und||
082 ## - DEWEY DECIMAL CLASSIFICATION NUMBER
Classification number 954.0954
Item number KUR-A
100 ## - MAIN ENTRY--PERSONAL NAME
Personal name Kurup, K K N
245 #0 - TITLE STATEMENT
Title Adhunika Keralam:Charitra Gaveshana Prabandhangal
260 ## - PUBLICATION, DISTRIBUTION, ETC.
Name of publisher, distributor, etc. STATE INSTITUTE OF LANGUAGE
Place of publication, distribution, etc. Thiruvananthapuram
Date of publication, distribution, etc. 1982
630 ## - SUBJECT ADDED ENTRY--UNIFORM TITLE
General subdivision General stack
650 ## - SUBJECT ADDED ENTRY--TOPICAL TERM
Topical term or geographic name entry element India/Kerala
942 ## - ADDED ENTRY ELEMENTS (KOHA)
Koha item type BOOK
650 ## - SUBJECT ADDED ENTRY--TOPICAL TERM
Form subdivision History
General subdivision ResearchThesisMalayalam
Holdings
Withdrawn status Lost status Damaged status Not for loan Home library Current library Date acquired Cost, normal purchase price Total Checkouts Full call number Barcode Shelving location Date last seen Price effective from Koha item type
        SB LIBRARY SB LIBRARY 09/11/2021 20.00   954.0954 KUR-A 00098419 GENERAL STACK 09/11/2021 09/11/2021 BOOK

Powered by Koha